| 000 | 00790cab a22001935a 4500 | ||
|---|---|---|---|
| 001 | L147393 | ||
| 008 | 090508e20090502xxkad f s 000 0 eng d | ||
| 035 | _a(Sirsi) u147393 | ||
| 041 | 0 | _aeng | |
| 100 | 1 | _aPilkington, Lisa | |
| 245 | 0 | 0 |
_aFocus _bEast Midlands |
| 260 | _c2009 | ||
| 490 | 0 |
_aEstates Gazette _v(0917) 2 May 2009, 81-91(6) |
|
| 520 | _aPresents the results of the sentiment survey for the first quarter of 2009 which reveals that property professionals are more optimistic about employment as they believe the market has hit rock bottom. Reveals that without investment, major regeneration schemes could be delayed or cancelled. | ||
| 590 | _aKA | ||
| 651 | 4 | _aEast Midlands (England) | |
| 690 | _aPROPERTY-COMMERCIAL PROPERTY-COMMERCIAL PROPERTY MARKET | ||
| 942 | _n0 | ||
| 999 |
_c81521 _d81521 |
||